LEADER 01443nam--2200421---450- 001 990002929840203316 005 20070522162844.0 010 $a88-8467-310-0 035 $a000292984 035 $aUSA01000292984 035 $a(ALEPH)000292984USA01 035 $a000292984 100 $a20070522d2006----km-y0itay50------ba 101 $aita 102 $aIT 105 $aa---||||001yy 200 1 $aQuante lingue per l'Europa?$elaurea honoris causa in Lingue e Letterature Moderne Euroamericane$eCagliari 8 novembre 2005$fHarald Weinrich$gcon una bibliografia ragionata dell'autore a cura di Franca Ortu 210 $aCagliari$cCUEC$d2006 215 $a95 p.$cill.$d24 cm. 300 $aSul retro del frontespizio: Università degli Studi di Cagliari - Dipartimento di Linguistica e Stilistica 410 0$12001 454 1$12001 461 1$1001-------$12001 517 1 $aHarald Weinrich 606 0 $aLinguistica$yEuropa 676 $a415 700 1$aWEINRICH,$bHarald$0132589 702 1$aORTU,$bFranca 712 02$aUniversità degli studi : Dipartimento di linguistica e stilistica 801 0$aIT$bsalbc$gISBD 912 $a990002929840203316 951 $aIV.2. 1873$b195282 L.M.$cIV.2.$d00160058 959 $aBK 969 $aUMA 979 $aRIVELLI$b90$c20070522$lUSA01$h1627 979 $aRIVELLI$b90$c20070522$lUSA01$h1628 996 $aQuante lingue per l'Europa$9727498 997 $aUNISA LEADER 01437nam a2200301 a 4500 001 991001952539707536 008 020 $a888949400X 035 $ab13453221-39ule_inst 040 $aDip.to di Studi Storici$bita 082 0 $a563 245 03$aLa paleontologia nella Napoli dell'Ottocento :$batti del Convegno, Napoli, 11 dicembre 2003 /$ca cura di Maria Rosaria Ghiaera, Mariella del Re 260 $aLecce :$bLares,$c2004 300 $a109 p. :$bill. ;$c24 cm 500 $aIn testa al front.: Centro musei delle scienze naturali 650 4$aCosta, Oronzo Gabriele 650 4$aPaleontologia$xCongressi 700 1 $aGhiara, Maria Rosaria 700 1 $aDel Re, Mariella 907 $a.b13453221$b11-10-13$c14-11-06 912 $a991001952539707536 945 $aLE019 A25 AR B 51$g1$i2019000060905$lle019$og$pE18.00$q-$rl$s- $t0$u0$v0$w0$x0$y.i15224144$z31-01-11 945 $aLE008 FL.M. (Tr.p.) I H 39$g1$i2008000427269$lle008$o-$pE0.00$q-$rl$s- $t0$u0$v0$w0$x0$y.i15173161$z21-09-10 945 $aLE023 563 GHI 1 1 $g1$i2023000091166$lle023$o-$pE18.00$q-$rl$s- $t0$u8$v0$w8$x0$y.i14369850$z14-02-07 945 $aLE002 563 PAL$g1$i2002000887016$lle002$og$pE18.00$q-$rl$s- $t0$u0$v0$w0$x0$y.i15538849$z11-10-13 996 $aPaleontologia nella Napoli dell'Ottocento$91098989 997 $aUNISALENTO 998 $ale019$ale008$ale023$ale002$b - - $cm$da $e-$fita$git $h3$i0 LEADER 06192 am 2201249 n 450 001 9910342655003321 005 20190612 010 $a2-7535-6686-0 024 7 $a10.4000/books.pur.124812 035 $a(CKB)4100000009526218 035 $a(FrMaCLE)OB-pur-124812 035 $a(oapen)https://directory.doabooks.org/handle/20.500.12854/46995 035 $a(PPN)267959699 035 $a(EXLCZ)994100000009526218 100 $a20191010j|||||||| ||| 0 101 0 $afre 135 $auu||||||m|||| 181 $ctxt$2rdacontent 182 $cc$2rdamedia 183 $acr$2rdacarrier 200 10$aÊtre dreyfusard hier et aujourd?hui /$fGilles Manceron, Emmanuel Naquet 210 $aRennes $cPresses universitaires de Rennes$d2019 215 $a1 online resource (552 p.) 311 $a2-7535-0947-6 330 $aLa particularité de ce livre, parmi tous les travaux parus à l?occasion du centenaire de l?affaire Dreyfus, est de lier les nouveaux regards sur cet épisode fondamental de notre histoire à la réflexion sur un certain nombre de débats actuels, notamment sur la question de l?approche universaliste ou communautaire de la lutte contre l?antisémitisme. En se plaçant sous l?égide de Pierre Vidal-Naquet, qui s?est défini lui-même comme, inséparablement, historien et citoyen engagé, cet ouvrage s?efforce d?ajouter à l?analyse proprement historique celle du sens qu?a pris, depuis l?Affaire et jusqu?à aujourd?hui, la notion d?engagement dreyfusard. À partir des travaux du colloque international organisé, en association avec plusieurs institutions et sociétés savantes, par la Ligue des droits de l?Homme les 8 et 9 décembre 2006, à l?École militaire, sur les lieux mêmes où s?était déroulée, un siècle plus tôt, après la dégradation du capitaine, la cérémonie réparatrice de juillet 1906, les directeurs de cet ouvrage ont introduit d?importants compléments qui en dégagent les problématiques et les principaux points en débat. Aux études des quarante-cinq historiens réunis ici, dont Serge Berstein, Patrick Cabanel, Vincent Duclert, Michel Dreyfus, Rémi Fabre, Robert Frank et Jérôme Grévy, s?ajoutent des contributions d?autres personnalités connues pour leur implication dans les questions relatives à la Justice, tels Lucie Aubrac, Robert Badinter, Jean-Jacques de Félice, Jean-Pierre Dubois, Nicole Dreyfus, Stéphane Hessel, Henri Leclerc, Michel Tubiana, ainsi que l?ancien premier président de la Cour de cassation, Guy Canivet, et l?avocat général à sa chambre criminelle, Didier Boccon-Gibod. Les échanges rassemblés dans ce livre prennent aussi une dimension internationale, avec les apports de Michel Abitbol, Cylvie Claveau, Simon Epstein et Norman Ingram. Au-delà du public intéressé par l?histoire de l?affaire Dreyfus et la place fondatrice qu?elle occupe dans notre modernité? 606 $aHistory 606 $aantisémitisme 606 $aaffaire Dreyfus 606 $adreyfusard 606 $aRésistance 606 $adroits de l?homme 610 $aantisémitisme 610 $adroits de l?homme 610 $adreyfusard 610 $aaffaire Dreyfus 610 $aRésistance 615 4$aHistory 615 4$aantisémitisme 615 4$aaffaire Dreyfus 615 4$adreyfusard 615 4$aRésistance 615 4$adroits de l?homme 700 $aAbitbol$b Michel$0242672 701 $aAgrikoliansky$b Éric$01291116 701 $aAnizan$b Anne-Laure$01291117 701 $aAubrac$b Lucie$01291118 701 $aBach$b André$01291119 701 $aBancquart$b Marie-Claire$0389975 701 $aBerstein$b Serge$0212981 701 $aBlum$b Françoise$0529182 701 $aBoccon-Gibod$b Didier$01291120 701 $aBoeglin$b Édouard$01291121 701 $aBourrelier$b Paul-Henri$0608853 701 $aCabanel$b Patrick$0315094 701 $aCandar$b Gilles$0916675 701 $aCanivet$b Guy$0501849 701 $aCazals$b Rémy$0376073 701 $aClaveau$b Cylvie$01291122 701 $aCosnier$b Colette$01291123 701 $aDreyfus$b Michel$0249391 701 $aDreyfus$b Nicole$01291124 701 $aDreyfus-Armand$b Geneviève$01284939 701 $aDrouin$b Michel$01291125 701 $aDubois$b Jean-Pierre$0568146 701 $aDuchêne$b Hervé$0186305 701 $aDuclert$b Vincent$0606383 701 $aDufour$b Frédérique$01291126 701 $aEpstein$b Simon$01291127 701 $aFabre$b Rémi$01291128 701 $aFavreau$b Bertrand$01291129 701 $aFélice$b Jean-Jacques de$01291130 701 $aFhima$b Catherine$01291131 701 $aGacon$b Stéphane$01291132 701 $aGrévy$b Jérôme$01288131 701 $aHélard$b André$01291133 701 $aHerrera$b Carlos Miguel$01288757 701 $aHessel$b Stéphane$0478487 701 $aHistorien$01291134 701 $aIngram$b Norman$01291135 701 $aLalouette$b Jacqueline$01286147 701 $aLeclerc$b Henri$01291136 701 $al?Homme$b vice-président de la Ligue des droits de$01291137 701 $aManceron$b Gilles$0325002 701 $aMartin$b Jean-Paul$0342540 701 $aMayeur$b Jean-Marie$0156357 701 $aMichel$b Pierre$0369105 701 $aMollier$b Jean-Yves$0606384 701 $aMonchablon$b Alain$01291138 701 $aNaquet$b Emmanuel$0325003 701 $aOriol$b Philippe$0283450 701 $aPagès$b Alain$0386924 701 $aParis$0370750 701 $aPénin$b Marc$01284791 701 $aSavy$b Nicole$0454325 701 $aSimon-Nahum$b Perrine$01281531 701 $aStora$b Benjamin$0244710 701 $aTartakowsky$b Danielle$01239425 701 $aThomas$b Marcel$0401054 701 $aTomei$b Samuël$01291139 701 $aTubiana$b Michel$01291140 701 $aManceron$b Gilles$0325002 701 $aNaquet$b Emmanuel$0325003 801 0$bFR-FrMaCLE 906 $aBOOK 912 $a9910342655003321 996 $aÊtre dreyfusard hier et aujourd?hui$93021787 997 $aUNINA